LEADER 01534nam 2200361z- 450 001 9910694009003321 005 20060921083753.0 035 $a(CKB)5470000001380513 035 $a(BIP)013779899 035 $a(EXLCZ)995470000001380513 100 $a20220308c2006uuuu -u- - 101 0 $aeng 200 10$aAlaska aviation infrastructure and funding challenges, meeting future safety, capital, and technological needs $efield hearing before the Committee on Commerce, Science, and Transportation, United States Senate, One Hundred Ninth Congress, second session, July 5, 2006 215 $a1 online resource (iii, 38 p.) 311 $a0-16-077007-6 517 $aAlaska aviation infrastructure and funding challenges, meeting future safety, capital, and technological needs 606 $aAeronautics$zAlaska 606 $aAeronautics$zAlaska$xSafety measures 606 $aAircraft accidents$zAlaska$xPrevention 610 $aAeronautics 610 $aAircraft accidents 610 $aAccidents 610 $aTechnology & engineering 610 $aTransportation 610 $aHouse & home 615 0$aAeronautics 615 0$aAeronautics$xSafety measures. 615 0$aAircraft accidents$xPrevention. 712 02$aUnited States, Congress Senate Committee on Commerce, Science, and Transportation Staff,$4oth 906 $aBOOK 912 $a9910694009003321 996 $aAlaska aviation infrastructure and funding challenges, meeting future safety, capital, and technological needs$93216929 997 $aUNINA